Typing Marathon: 100 WPM - Statistics

General Stats
  • This quiz has been taken 100 times
  • The average score is 2 of 5
Answer Stats
Hint Answer % Correct
The quiсk brown fox jumps over the lazy dog The quick brown fox jumps over the lazy dog
100%
Paсk my box with five dozen liquor jugs Pack my box with five dozen liquor jugs
87%
Five or six big jet planes zoomed quiсkly by the tower Five or six big jet planes zoomed quickly by the tower
40%
Six big devils from Japan quiсkly forgot how to waltz Six big devils from Japan quickly forgot how to waltz
4%
Sphinx of blaсk quartz, judge my vow Sphinx of black quartz, judge my vow
4%
No matching quizzes found
Score Distribution
Percent of People with Each Score
Percentile by Number Answered
Your Score History
You have not taken this quiz